000
00273nam a2200109Ia 4500
008
201224s9999 xx 000 0 und d
100
_a
Hegde, B K
245
0
_a
Production Management : Texts and cases
260
_a
New Delhi
_b
Prentice Hall
300
_a
456
942
_c
BK
999
_c
8911
_d
8911